Environmental Public information centres (Record no. 62757)

MARC details
000 -LEADER
fixed length control field 01002nam a2200205 a 4500
008 - FIXED-LENGTH DATA ELEMENTS--GENERAL INFORMATION
fixed length control field 061215s2006 ||||||||||||||||| || u
050 ## - LIBRARY OF CONGRESS CALL NUMBER
Classification number ZAM.PER CEP(01)
110 ## - MAIN ENTRY--CORPORATE NAME
Corporate name or jurisdiction name as entry element Copperbelt Environment Project(CEP)
245 10 - TITLE STATEMENT
Title Environmental Public information centres
246 ## -
-- what you need to know
260 ## - PUBLICATION, DISTRIBUTION, ETC.
Place of publication, distribution, etc. Kitwe
Name of publisher, distributor, etc. CEP
Date of publication, distribution, etc. 2006
300 ## - PHYSICAL DESCRIPTION
Extent 7p.; ill.
350 ## -
-- 0.00
650 ## - SUBJECT ADDED ENTRY--TOPICAL TERM
Topical term or geographic name entry element ENVIRONMENT
650 #7 - SUBJECT ADDED ENTRY--TOPICAL TERM
Topical term or geographic name entry element ENVIRONMENTAL MANAGEMENT
Source of heading or term unbist
650 ## - SUBJECT ADDED ENTRY--TOPICAL TERM
Topical term or geographic name entry element ENVIRONMENTAL PROTECTION--PERIODICALS
995 ## -
-- SPECIAL COLLECTIONS
-- 0.00
-- ZAM.PER CEP(01)
-- CBU-MAIN LIBRARY (Kitwe)
-- 1
-- 0.00
-- ZAM.PER CEP(01)
-- AVAILABLE
-- Dec 15, 2006
-- Z03001585
-- Zambiana Collection
995 ## -
-- SPECIAL COLLECTIONS
-- 0.00
-- ZAM.PER CEP(01)
-- CBU-MAIN LIBRARY (Kitwe)
-- 1
-- 0.00
-- ZAM.PER CEP(01)
-- AVAILABLE
-- Dec 15, 2006
-- Z03001587
-- Zambiana Collection
995 ## -
-- SPECIAL COLLECTIONS
-- 0.00
-- ZAM.PER CEP(01)
-- CBU-MAIN LIBRARY (Kitwe)
-- 1
-- 0.00
-- ZAM.PER CEP(01)
-- AVAILABLE
-- Dec 15, 2006
-- Z03001586
-- Zambiana Collection
999 ## -
-- 62757
-- 62757
Holdings
Withdrawn status Lost status Source of classification or shelving scheme Damaged status Not for loan Permanent Location Current Location Shelving location Date acquired Total Checkouts Full call number Barcode Date last seen Price effective from Koha item type
          CBU-MAIN LIBRARY, KITWE. CBU-MAIN LIBRARY, KITWE.   12/16/2022   ZAM.PER CEP(01) Z03001585 12/16/2022 12/16/2022 MONOGRAPH
          CBU-MAIN LIBRARY, KITWE. CBU-MAIN LIBRARY, KITWE.   12/16/2022   ZAM.PER CEP(01 Z03001587 12/16/2022 12/16/2022 MONOGRAPH
          CBU-MAIN LIBRARY, KITWE. CBU-MAIN LIBRARY, KITWE.   12/16/2022   ZAM.PER CEP(01 Z03001586 12/16/2022 12/16/2022 MONOGRAPH